| 000 | 01072nam a22003378i 4500 | ||
|---|---|---|---|
| 001 | 020201693 | ||
| 003 | EG-ScBUE | ||
| 005 | 20220302115633.0 | ||
| 008 | 210520s2021 njua f d 001 0 eng d | ||
| 020 | _a9781292358093 (pbk.) | ||
| 020 | _a1292358092 | ||
| 040 |
_aStDuBDS _beng _erda _cStDuBDS _dEG-ScBUE |
||
| 082 | 0 | 4 |
_a621.3192 _222 _bFLO |
| 100 | 1 |
_aFloyd, Thomas L., _eauthor. |
|
| 245 | 1 | 0 |
_aPrinciples of electric circuits : _bconventional current / _cThomas L. Floyd, David M. Buchla. |
| 250 | _aTenth edition. | ||
| 250 | _aPearson global edition. | ||
| 264 | 1 |
_aUpper Saddle River : _bPearson, _c2021. |
|
| 300 |
_a1028 pages : _billustrations ; _c27 cm |
||
| 336 |
_atext _2rdacontent _btxt |
||
| 336 |
_astill image _2rdacontent _btxt |
||
| 337 |
_aunmediated _2rdamedia _bn |
||
| 338 |
_avolume _2rdacarrier _bnc |
||
| 500 | _aIncludes index. | ||
| 500 | _aIncludes glossary. | ||
| 650 | 7 |
_aElectric circuits. _2BUEsh |
|
| 653 |
_bENGELC _cFebruary2022 |
||
| 655 |
_vReading book _934232 |
||
| 700 | 1 |
_aBuchla, David M., _eauthor. |
|
| 942 |
_2ddc _cBB |
||
| 999 |
_c29817 _d29788 |
||